Niles' weekly register ; news magazine of the nineteenth century.

Bibliographic Details
Main Author: Luxon, Norval Neil, 1899-
Format: Book
Language:English
Published: Baton Rouge : Louisiana State University Press, 1947.

MARC

Tag First Indicator Second Indicator Subfields
LEADER 00000cam a2200000 4500
001 in00000039012
005 20151007081439.0
008 770225s1947 lou 00000 eng
010 |a  47030723  
035 |a (OCoLC)02762345 
035 |9 AAF6393AM 
040 |a DLC  |c TXP  |d TXA  |d UtOrBLW 
049 |a TXAM  |c [158955] 
050 0 |a JK1  |b .L8 
082 0 |a 051 
092 |a 051  |b L977n 
100 1 |a Luxon, Norval Neil,  |d 1899- 
245 1 0 |a Niles' weekly register ;  |b news magazine of the nineteenth century. 
264 1 |a Baton Rouge :  |b Louisiana State University Press,  |c 1947. 
300 |a viii, 337 pages :  |b facsimiles, portrait ;  |c 24 cm. 
336 |a text  |b txt  |2 rdacontent 
337 |a unmediated  |b n  |2 rdamedia 
338 |a volume  |b nc  |2 rdacarrier 
500 |a "Critical essay on authorities": pages 308-320. 
730 0 |a Niles' national register. 
999 |a MARS 
999 f f |s 311afeb8-72b0-372e-8432-db44cb4b6a38  |i 6b60eb3f-7ab6-388b-906e-c15f2b62edf6  |t 0 
952 f f |p ric  |a Texas A&M University  |b Rellis Campus  |c Joint Library Facility  |d Remote Storage  |t 0  |e JK1 .L8  |h Library of Congress classification  |i unmediated -- volume  |m A14800498975 
998 f f |a JK1 .L8  |t 0  |l Remote Storage